Curación emocional. Acabar con el estrés, la ansiedad y la depresión sin fármacos ni psicoanálsis.
Gespeichert in:
| 1. Verfasser: | |
|---|---|
| Weitere Verfasser: | |
| Format: | Buch |
| Sprache: | Englisch |
| Veröffentlicht: |
Barcelona, España:
Kairós,
2004.
|
| Ausgabe: | Cuarta edición española. |
| Schlagworte: | |
| Tags: |
Tag hinzufügen
Keine Tags, Fügen Sie den ersten Tag hinzu!
|
MARC
| LEADER | 00000nam a22000007a 4500 | ||
|---|---|---|---|
| 003 | CL-VaPUC | ||
| 005 | 20240910103828.0 | ||
| 008 | 240822t2004 ||||| |||| 00| 0 eng d | ||
| 999 | |c 444494 |d 444492 | ||
| 020 | |a 950-754-140-3 | ||
| 040 | |c Pontificia Universidad Católica de Valparaíso | ||
| 082 | |2 22 |a 615.85 SER 2004 | ||
| 100 | |9 890774 |a Servan-Schreiber, David |e autor | ||
| 245 | |a Curación emocional. |b Acabar con el estrés, la ansiedad y la depresión sin fármacos ni psicoanálsis. | ||
| 250 | |a Cuarta edición española. | ||
| 260 | |a Barcelona, España: |b Kairós, |c 2004. | ||
| 300 | |a 298 páginas. | ||
| 500 | |a c.1 Donación MEMO Biblioteca Mayor de Educación 14/08/2024. | ||
| 583 | |c 20240822 |k Yessy Sthefany Diaz Vidal | ||
| 650 | 0 | |9 890775 |a Medicina de las emociones |x Curación mental | |
| 650 | 0 | |9 424346 |a Neurociencias |x Depresión, ansiedad, etc. | |
| 650 | 0 | |9 513088 |a Medicina alternativa |x Psicoterapia | |
| 700 | |9 878703 |a Portillo, Miguel |e traducción | ||
| 942 | |2 ddc |c BK | ||
| 952 | |0 0 |1 0 |2 ddc |4 0 |6 615_850000000000000_SER_2004 |7 0 |8 A |9 596356 |a BIBEDU |b BIBEDU |d 2024-08-22 |e Donación |i 5662433 |l 1 |o 615.85 SER 2004 |p 5662433 |r 2024-10-03 |s 2024-09-23 |t 1 |w 2024-08-22 |y BK |k PSI | ||